000 00947cam a2200241 4500
001 ABS68145
008 040901n2004 000 0 eng u
035 _a(Sirsi) u127238
100 _aSaunders, A.
245 _aHow to be a first time manager
260 _c2004
490 _aManagement Today
_v August 2004, 52-54(2)
520 _aGives advice on the skills and qualities required to being a manager for the first time. One of the biggest changes is getting used to the fact that judgement will now be made on the performance of the wider team and not just the individual job performance. Stresses the importance of being able to take difficult decisions where necessary and delegating tasks appropriately.
590 _aABS
590 _aABS
650 _aMANAGEMENT TECHNIQUES
650 _aMANAGEMENT THEORY
650 _aTEAMWORK
650 _aDELEGATION
650 _aWORK PROCESS
690 _aMANAGEMENT
942 _n0
999 _c117936
_d117936